Statistics for Biggest Cities in Asia

Click here to take the quiz!

General Stats

  • This quiz has been taken 46,316 times
    (7,874 since last reset)
  • The average score is 32 of 51

Answer Stats

PopulationUrban Area% Correct
40.5 mTokyo
98%
20.0 mBeijing
96%
31.3 mDelhi
94%
34.1 mShanghai
93%
32.1 mJakarta
91%
25.6 mMumbai
90%
25.0 mSeoul
87%
19.4 mBangkok
87%
47.6 mGuangzhou / Shenzhen
85%
17.7 mOsaka
85%
26.3 mManila
85%
15.5 mTehran
83%
7.55 mHong Kong
82%
9.15 mKuala Lumpur
81%
10.6 mHo Chi Minh City
80%
7.90 mSingapore
79%
17.0 mKolkata
77%
16.2 mIstanbul
76%
7.15 mBaghdad
75%
20.3 mDhaka
74%
18.2 mKarachi
74%
5.70 mDubai
74%
8.40 mRiyadh
73%
9.15 mTaipei
70%
7.10 mXi'an
68%
9.25 mWuhan
68%
11.6 mChennai
68%
5.15 mAnkara
62%
13.5 mLahore
61%
12.7 mBangalore
61%
10.4 mHyderabad
57%
10.0 mChengdu
53%
13.2 mTianjin
53%
10.5 mNagoya
51%
10.2 mXiamen
50%
8.75 mAhmedabad
48%
5.75 mYangon
45%
8.40 mChongqing
44%
5.70 mAmman
43%
6.70 mNanjing
42%
5.15 mJeddah
41%
7.10 mPune
33%
5.15 mHarbin
32%
6.15 mSurabaya
31%
8.60 mHangzhou
31%
7.05 mBandung
27%
6.25 mQingdao
26%
8.10 mShenyang
23%
6.90 mSurat
21%
7.75 mShantou
14%
5.40 mWenzhou
13%

Score Distribution

Percentile by Number Answered

Percent of People with Each Score

Your Score History

You have not taken this quiz since the last reset